Combien de ville du Val de Marne (94) connais-tu ? - Statistiques

Statistiques générales
  • Ce quiz a été pris 370 fois
  • Le résultat moyen est 22 sur 47
Statistiques - réponses
Code postal Ville % Correct
94000 Créteil
93%
94031 Ivry-sur-Seine
78%
94400 Vitry-sur-Seine
78%
94500 Champigny-sur-Marne
72%
94140 Alfortville
69%
94310 Orly
68%
94037 Choisy-le-Roi
65%
94300 Vincennes
62%
94320 Thiais
61%
94031 Villejuif
61%
94130 Nogent-sur-Marne
59%
94107 Saint-Maur-des-Fossés
55%
94230 Cachan
54%
94120 Fontenay-sous-Bois
54%
94110 Arcueil
53%
94031 Bonneuil-sur-Marne
52%
94700 Maisons-Alfort
52%
94192 Villeneuve-Saint-Georges
52%
94340 Joinville-le-Pont
50%
94246 L'Haÿ-les-Roses
50%
94220 Charenton-le-Pont
48%
94370 Sucy-en-Brie
48%
94470 Boissy-Saint-Léger
47%
94260 Fresnes
46%
94270 Le Kremlin-Bicêtre
45%
94514 Rungis
45%
94410 Saint-Maurice
45%
94165 Saint-Mandé
44%
94550 Chevilly-Larue
43%
94460 Valenton
42%
94290 Villeneuve-le-Roi
40%
94360 Bry-sur-Marne
39%
94350 Villiers-sur-Marne
39%
94250 Gentilly
38%
94031 Le Perreux-sur-Marne
36%
94450 Limeil-Brévannes
35%
94430 Chennevières-sur-Marne
33%
94440 Villecresnes
31%
94490 Ormesson-sur-Marne
28%
94480 Ablon-sur-Seine
27%
94420 Le Plessis-Trévise
25%
94510 La Queue-en-Brie
23%
94440 Santeny
20%
94520 Mandres-les-Roses
19%
94440 Marolles-en-Brie
18%
94880 Noiseau
15%
94520 Périgny
13%
Aucun quiz correspondant
Distribution des résultats
% des personnes avec chaque résultat
Percentile par nombre de réponses
Votre historique - résultats
Vous n’avez pas pris ce quiz